Euskadi 2: Geografía de Gipuzkoa - Estadísticas

Estadísticas generales
  • Esta prueba ha sido intentada 125 veces
  • La puntuación promedio es 9 de 20
Estadísticas de respuestas
Pregunta Respuesta % Correcto
¿Cuál de los siguientes municipios tiene costa? Zumaia
99%
¿Cuál es el municipio que está más al norte de Gipuzkoa? Hondarribia
83%
¿Cuál de las siguientes NO es una población en la que tradicionalmente se divide el municipio de Pasaia (Pasajes)? Pasajes Estrecho (Pasai Estu)
76%
¿Cuál es el municipio con menor población de Gipuzkoa? (Datos de 2022) Orexa
67%
¿Cuál de los siguientes municipios NO está situado en la comarca del Goierri? Albiztur
66%
¿Cuál de los siguientes municipios NO limita con Astigarraga? Oiartzun
50%
¿En qué municipio está situado el monte más alto de Gipuzkoa? Zegama
50%
¿Qué municipio de los siguientes NO cuenta con un hospital? Zarautz
43%
¿En qué municipio está situado el monte Udalaitz o Udalatx? Arrasate/Mondragón
42%
¿Cuál de los siguientes municipios NO limita con Irura? Hernialde
41%
¿Cuál de los siguientes conjuntos de municipios es el que limita con Antzuola? Bergara, Azkoitia, Zumarraga, Urretxu, Legazpi y Oñati
38%
¿En qué municipios de Gipuzkoa se sitúa el embalse de Ibai-Eder? Beizama y Azpeitia
37%
¿Por qué municipio se pasa para ir del Ayuntamiento de Ordizia al Ayuntamiento de Amezketa en coche? Zaldibia
37%
¿En qué municipio desemboca el río Leitzaran en el río Urola? Andoain
36%
¿Cuál es el municipio que está más al oeste de Gipuzkoa? Leintz-Gatzaga (Salinas de Léniz)
36%
¿Qué municipio de los siguientes NO cuenta con un parque de bomberos? Hondarribia
34%
¿Cuáles de los siguientes municipios limitan entre sí? Orexa y Lizartza
32%
¿Por qué municipios fluye el río Urumea? Hernani, Urnieta, Astigarraga y Donostia - San Sebastián
28%
¿Cuál es el segundo municipio más extenso de Gipuzkoa? Bergara
17%
¿En qué municipio o municipios está situada la planta de CAF, además de en Beasain? Ordizia y Lazkao
16%
No se encontraron pruebas coincidentes
Distribución de puntuación
Porcentaje de gente con cada puntuación
Porcentaje por número respondido
Historial de tus puntuaciones
No has intentado esta prueba.